Uttararāmacaritam. (Record no. 66869)

MARC details
000 -LEADER
fixed length control field 00575cam a22002291 4500
001 - CONTROL NUMBER
control field sa 65010675
003 - CONTROL NUMBER IDENTIFIER
control field DLC
005 - DATE AND TIME OF LATEST TRANSACTION
control field 20260227112210.0
008 - FIXED-LENGTH DATA ELEMENTS--GENERAL INFORMATION
fixed length control field 940930s1964 ii 000 0 maro
010 ## - LIBRARY OF CONGRESS CONTROL NUMBER
LC control number sa 65010675
025 ## - OVERSEAS ACQUISITION NUMBER
Overseas acquisition number PL480:I-Mar-968
035 ## - SYSTEM CONTROL NUMBER
System control number (OCoLC)31205672
040 ## - CATALOGING SOURCE
Original cataloging agency DLC
Transcribing agency CU
Modifying agency CU
-- DLC
042 ## - AUTHENTICATION CODE
Authentication code premarc
050 00 - LIBRARY OF CONGRESS CALL NUMBER
Classification number PK3791.B58
Item number U74
100 1# - MAIN ENTRY--PERSONAL NAME
Personal name Deshpande, Vimalabai,
Dates associated with a name 1903-
245 10 - TITLE STATEMENT
Title Uttararāmacaritam.
260 ## - PUBLICATION, DISTRIBUTION, ETC.
Date of publication, distribution, etc. [1964]
300 ## - PHYSICAL DESCRIPTION
Extent 11, 67 p.
Dimensions 19 cm.
500 ## - GENERAL NOTE
General note In Marathi.
600 10 - SUBJECT ADDED ENTRY--PERSONAL NAME
Personal name Kālidāsa.
Title of a work Uttararāmacaritam.

No items available.

Powered by Koha